000 00505nam a22001817a 4500
003 OSt
005 20260415113249.0
008 260415b |||||||| |||| 00| 0 eng d
020 _a9781471535000
082 _29781471535000
_a9781471535000
_b9781471535000
100 _aPerfect Paperback
245 _aOn Screen 3 - Workbook And Grammar Book
250 _a1RA
260 _aE.E U.U
_b‎ Express Publishing
_c2015
300 _a115 pag
_c 27,6 x 21,6 cm.
490 _3tapa blanda
942 _2ddc
_cBKA
_n0
999 _c2072
_d2072